000
00343nam a2200145Ia 4500
008
240112s2008 xx 000 0 und d
022
_a
9731075
041
_a
eng
082
_a
616.305
100
_a
ALEXANDER I.
245
_a
INDIAN JOURNAL OF PALLIATIVE CARE
260
_b
MEDKNOW PUB.
_c
2008
300
_a
103;HB
_c
41671
440
_v
14
999
_c
1143334
_d
1143334